The Cost of Free Shipping : Amazon in the Global Economy (Record no. 90814)

MARC details
000 -LEADER
fixed length control field 01910nam a2200217Ia 4500
000 - LEADER
fixed length control field 02248naaa 00265uu
001 - CONTROL NUMBER
control field https://directory.doabooks.org/handle/20.500.12854/36529
005 - DATE AND TIME OF LATEST TRANSACTION
control field 20260218110026.0
008 - FIXED-LENGTH DATA ELEMENTS--GENERAL INFORMATION
fixed length control field 211013s9999 xx 000 0 und d
042 ## - AUTHENTICATION CODE
Authentication code dc
100 1# - MAIN ENTRY--PERSONAL NAME
Personal name Alimahomed-Wilson, Jake
245 #4 - TITLE STATEMENT
Title The Cost of Free Shipping : Amazon in the Global Economy
260 ## - PUBLICATION, DISTRIBUTION, ETC.
Name of publisher, distributor, etc. Pluto Press
Date of publication, distribution, etc. 2021
520 ## - SUMMARY, ETC.
Summary, etc. Amazon is the most powerful corporation on the planet and its CEO, Jeff Bezos, has become the richest person in history, and one of the few people to profit from a global pandemic. Its dominance has reshaped the global economy itself: we live in the age of 'Amazon Capitalism'. 'One-click' instant consumerism and its immense variety of products has made Amazon a worldwide household name, with over 60% of US households subscribing to Amazon Prime. In turn, these subscribers are surveilled by the corporation. Amazon is also one of the world's largest logistics companies, resulting in weakened unions and lowered labor standards. The company has also become the largest provider of cloud-computing services and home surveillance systems, not to mention the ubiquitous Alexa. With cutting-edge analyses, this book looks at the many dark facets of the corporation, including automation, surveillance, tech work, workers' struggles, algorithmic challenges, the disruption of local democracy and much more. The Cost of Free Shipping shows how Amazon represents a fundamental shift in global capitalism that we should name, interrogate and be primed to resist.
540 ## - TERMS GOVERNING USE AND REPRODUCTION NOTE
Terms governing use and reproduction Creative Commons
653 ## - INDEX TERM--UNCONTROLLED
Uncontrolled term Business & Economics
700 1# - ADDED ENTRY--PERSONAL NAME
Personal name Reese, Ellen
856 ## - ELECTRONIC LOCATION AND ACCESS
Uniform Resource Identifier <a href="https://docs.google.com/spreadsheets/d/1yKIrdCPDAG_9c22mwoOIO2DOhtj65Wqa/edit?usp=sharing&ouid=106555315294820607512&rtpof=true&sd=true ">https://docs.google.com/spreadsheets/d/1yKIrdCPDAG_9c22mwoOIO2DOhtj65Wqa/edit?usp=sharing&ouid=106555315294820607512&rtpof=true&sd=true </a>
Link text List of Curated E-Books
942 ## - ADDED ENTRY ELEMENTS (KOHA)
Koha item type E-Book

No items available.

University of Rizal System
Email us at univlibservices@urs.edu.ph

Visit our Website www.urs.edu.ph/library